Little women / (Record no. 4013)
[ view plain ]
| 000 -LEADER | |
|---|---|
| fixed length control field | 00523nam a2200217 a 4500 |
| 001 - CONTROL NUMBER | |
| JCCL Control Number | 4013 |
| 003 - CONTROL NUMBER IDENTIFIER | |
| JCCL marc code | BD-JhCC |
| 005 - DATE AND TIME OF LATEST TRANSACTION | |
| control field | 20180306173503.0 |
| 008 - FIXED-LENGTH DATA ELEMENTS--GENERAL INFORMATION | |
| fixed length control field | 171120s19571965enka|||| ||a| 000 0 eng d |
| 035 ## - SYSTEM CONTROL NUMBER | |
| system control number | (BD-JhCC)4013 |
| 040 ## - CATALOGING SOURCE | |
| Original cataloging agency | BD-JhCC |
| Modifying agency | BD-JhCC |
| 041 ## - LANGUAGE CODE | |
| Language code of Book | eng |
| 082 ## - DEWEY DECIMAL CLASSIFICATION NUMBER | |
| DDC Edition number | 813.4 |
| Classification number | ALC 1959 |
| 100 ## - MAIN ENTRY--PERSONAL NAME | |
| Personal name | Alcott, Louisa M. |
| 245 ## - TITLE STATEMENT | |
| Title | Little women / |
| Statement of responsibility, etc | Louisa M. Alcott |
| 260 ## - PUBLICATION, DISTRIBUTION, ETC. (IMPRINT) | |
| Place of publication, distribution, etc | LONDON : |
| Name of publisher, distributor, etc | LONGMANS, |
| Date of publication, distribution, etc | 1959. |
| 300 ## - PHYSICAL DESCRIPTION | |
| Pagination | 143 p. : |
| Dimensions | 19 cm. |
| 650 ## - SUBJECT ADDED ENTRY--TOPICAL TERM | |
| Topical term or geographic name as entry element | WOMEN FICTION |
| 942 ## - ADDED ENTRY ELEMENTS (KOHA) | |
| Source of classification or shelving scheme | Dewey Decimal Classification |
| Koha item type | Books |
| Source of classification or shelving scheme | Damaged status | Not for loan | Home library | Current library | Shelving location | Date of accession | Total Checkouts | Full call number | Barcode | Date last seen | Copy number | Koha item type |
|---|---|---|---|---|---|---|---|---|---|---|---|---|
| Dewey Decimal Classification | JCC Rouf Library | JCC Rouf Library | General Stacks | 11/20/2017 | ALC 1959 | 5653 | 11/20/2017 | C-1 | Books |